| 000 -LEADER |
| fixed length control field |
00859cam a2200217 a 4500 |
| 040 ## - CATALOGING SOURCE |
| Transcribing agency |
DLC |
| 082 00 - DEWEY DECIMAL CLASSIFICATION NUMBER |
| Classification number |
639 SOC 1974 A040 Or. |
| 245 00 - TITLE STATEMENT |
| Title |
Manuel d'instruction et de prefectionnement des agents des services des pêches maritimes des pays tropicaux, |
| 260 ## - PUBLICATION, DISTRIBUTION, ETC. (IMPRINT) |
| Place of publication |
Paris, |
| Name of publisher |
Société centrale pour l'équipement du territoire-international, |
| Year of publication |
c1974- |
| 300 ## - PHYSICAL DESCRIPTION |
| Number of Pages |
v. <1 >, |
| Other physical details |
ill., |
| Dimensions |
24 cm. |
| 500 ## - GENERAL NOTE |
| General note |
Cover title: Manuel des pêches maritimes tropicales. |
| 500 ## - GENERAL NOTE |
| General note |
At head of title: République française, Ministère de la coopération, Direction de l'aide au developpement. |
| 650 #0 - SUBJECT ADDED ENTRY--TOPICAL TERM |
| Topical Term |
Fisheries |
| 650 #0 - SUBJECT ADDED ENTRY--TOPICAL TERM |
| Topical Term |
Fisheries |
| 700 1# - ADDED ENTRY--PERSONAL NAME |
| Personal name |
Jamet, J. |
| 700 1# - ADDED ENTRY--PERSONAL NAME |
| Personal name |
Lagoin, Y. |
| 700 1# - ADDED ENTRY--PERSONAL NAME |
| Personal name |
Moal, Roland A. |
| 710 1# - ADDED ENTRY--CORPORATE NAME |
| Corporate name or jurisdiction name as entry element |
France. |
| 710 2# - ADDED ENTRY--CORPORATE NAME |
| Corporate name or jurisdiction name as entry element |
Société centrale pour l'équipement du territoire international. [from old catalog] |
| 942 ## - ADDED ENTRY ELEMENTS (KOHA) |
| Koha item type |
សៀវភៅភាសាបារាំង |
| 952 ## - LOCATION AND ITEM INFORMATION (KOHA) |
| Withdrawn status [LOCAL, KOHA] |
0 |
| 952 ## - LOCATION AND ITEM INFORMATION (KOHA) |
| Withdrawn status [LOCAL, KOHA] |
0 |
| 952 ## - LOCATION AND ITEM INFORMATION (KOHA) |
| Withdrawn status [LOCAL, KOHA] |
0 |
| 952 ## - LOCATION AND ITEM INFORMATION (KOHA) |
| Withdrawn status [LOCAL, KOHA] |
0 |
| 952 ## - LOCATION AND ITEM INFORMATION (KOHA) |
| Withdrawn status [LOCAL, KOHA] |
0 |
| 952 ## - LOCATION AND ITEM INFORMATION (KOHA) |
| Withdrawn status [LOCAL, KOHA] |
0 |